[Event "Stay Safe Play From Home 143"]
[Site "T#645979Emanuel Laske"]
[Date "2020.05.12"]
[Round "3"]
[White "CastlingArrocco"]
[Black "Praveen prasad"]
[Result "1-0"]
[WhiteElo "2001"]
[BlackElo "2184"]
[Annotator "TA"]
[PlyCount "121"]
[EventDate "2020.05.12"]
[EventType "swiss (blitz)"]

{[%evp 9,121,-8,18,6,0,0,16,-5,29,0,0,0,74,46,34,36,36,42,55,55,62,21,23,18,22,-12,-12,-25,-13,-154,-155,-151,-143,-141,-134,-144,-122,-171,-150,-169,-152,-173,-161,-266,-209,-268,-249,-256,-250,-300,-279,-284,433,-242,-222,-207,-200,-279,-287,-283,-284,-273,-277,-277,-279,-268,-262,-275,-212,-198,-201,-582,-541,-541,-537,-537,-450,-1701,-1614,-1659,-1597,-1970,-1897,-1562,-1359,-29940,-12253,-29974,-29937,-29940,-5102,-29983,-29981,-29985,0,-29983,-29980,-29980,-29980,-29982,-29983,-29985,-29986,-29987,-29988,-29988,-29989,-29989,-29990,-29991,-29992,-29992,-29989,-29991]} 1. Nc3 d5 2. e4 dxe4 3. Nxe4 Nf6 4. Ng3 e5 5. Nf3 Bd6 6. Bc4 {A00: Irregular Openings.} O-O 7. d3 Nc6 8. O-O {The position is equal.} Bg4 9. h3 {[#]} Bxf3 $146 ({Predecessor:} 9... Bd7 10. a3 Nd4 11. Bd2 Nxf3+ 12. Qxf3 Bc6 13. Qf5 Qd7 14. Rae1 Rad8 15. Bg5 Qxf5 16. Nxf5 {1-0 (55) Voeller,L (1509)-Koerner,H (1947) Berlin 2009}) 10. Qxf3 Rb8 (10... Nd4 $1 $11 11. Qd1 b5) 11. Nf5 Nd4 12. Nxd4 exd4 13. Bg5 Be7 14. Rae1 h6 15. Bxf6 Bxf6 16. Bd5 c6 17. Be4 g6 18. Qg3 Bg7 19. Bxg6 (19. Re2 $11) 19... fxg6 $17 20. Qxg6 Rf6 21. Qg3 Qf8 22. Re4 {[%cal Be1e4,Be4g4,Bg4g6][%mdl 32]} Rd8 23. Rg4 Rd7 24. f3 Rdf7 25. h4 Kh8 26. h5 (26. Re1 $142) 26... Rf4 27. Rg6 R4f5 28. Re1 Rxh5 29. Ree6 Kh7 30. Qg4 {[#]} Rg5 $4 {[%mdl 8192]} (30... Qc5 $1 $19 {and life is good for Black. Hoping for ...Qf5.} 31. Qe4 Qf5) 31. Qe4 $4 {[%mdl 8192] [#]} (31. Rxg5 $18 hxg5 32. Qe4+ (32. Qxg5 Rf6 $17) 32... Kh8 33. Re8) 31... Rxg6 $1 $19 32. Qxg6+ Kh8 33. Kh2 Rf6 34. Rxf6 Qxf6 ({Much less strong is} 34... Bxf6 35. f4 $19) 35. Qe8+ Bf8 36. Qe4 Bd6+ 37. g3 Qe5 38. Qg4 Qe2+ 39. Kh3 Qf1+ 40. Kh4 $2 (40. Kh2 {nothing else works.} Qe2+ 41. Kh3) 40... Qh1+ 41. Qh3 Qxh3+ 42. Kxh3 {[%mdl 4096] Endgame KB-KP} Kg7 43. g4 (43. Kh4 $142) 43... Kg6 44. Kh4 Bf4 45. Kh3 Kg5 46. c3 c5 47. cxd4 cxd4 48. b4 b6 49. b5 a5 50. a4 Be3 51. Kg2 Bf4 $2 (51... Kf4 {mates} 52. Kh3 Kxf3 53. Kh4 Ke2 54. Kg3 Kxd3 55. Kf3 Bg5 56. Kf2 Ke4 57. Ke1 d3 58. Kd1 Ke3 59. Ke1 d2+ 60. Kd1 Kf3 61. Kc2 Ke2 62. Kb3 d1=Q+ 63. Kb2 Qxa4 {[%mdl 64] Double Attack} 64. Kb1 Qb3+ 65. Ka1 Bf6#) 52. Kf2 $2 {[%mdl 8192]} (52. Kh3 $11 Bc7 53. Kg2) 52... Kf6 {Black mates.} 53. Ke2 Bg5 54. Kd1 Ke5 55. Kc2 Kf4 56. Kb3 Kxf3 57. Kc4 Ke3 58. Kd5 Kxd3 59. Kc6 Kc4 60. Kxb6 Kb4 61. Ka6 {[%mdl 32768] Accuracy: White = 45%, Black = 83%. . Sensor Board Error (Ke4/e5)?} 1-0

[Event "Stay Safe Play From Home 143"]
[Site "T#645979Emanuel Laske"]
[Date "2020.05.12"]
[Round "3"]
[White "Ironmike"]
[Black "Nagaram"]
[Result "1-0"]
[WhiteElo "1902"]
[BlackElo "1508"]
[Annotator "TA"]
[PlyCount "59"]
[EventDate "2020.05.12"]
[EventType "swiss (blitz)"]

{[%evp 10,58,27,2,0,-8,-7,-4,0,0,0,0,0,7,65,-39,-35,-57,-63,-114,-70,-109,-8,-42,-26,-82,14,12,19,-87,0,0,89,-326,120,43,97,-6,0,-6,-5,-8,0,-86,-45,-58,29997,29998,29998,29999,29999]} 1. e4 e5 2. Nf3 Nc6 3. Nc3 Nf6 4. Bb5 d6 5. d3 Bd7 6. Bg5 Be7 {C65: Ruy Lopez: Berlin Defence (3...Nf6), unusual lines and 4 0-0 Bc5.} 7. Bxf6 Bxf6 8. Nd5 O-O {[#] The position is equal.} 9. c3 $146 ({Predecessor:} 9. h3 a6 10. Bc4 Na5 11. Bb3 Nxb3 12. axb3 c6 13. Ne3 Bg5 14. Nc4 Be7 15. Qd2 {½-½ (56) Osom,D-Boua,R Accra 2015}) 9... a6 10. Ba4 b5 11. Bc2 Ne7 (11... Be6 $11) 12. Nxe7+ (12. Nxf6+ $14 gxf6 13. Qd2) 12... Qxe7 $15 13. d4 exd4 14. cxd4 (14. Nxd4 $15 b4 15. O-O) 14... Bc6 15. O-O Rad8 (15... Bxe4 $17 16. Re1 d5 17. Bxe4 dxe4) 16. d5 Bd7 17. Re1 (17. Rb1 $11) 17... Be5 (17... Bxb2 $17 18. Rb1 Ba3) 18. Nxe5 $11 dxe5 19. f4 (19. Qd2 $11) 19... f6 ({Black should play} 19... Qc5+ $17 20. Kh1 exf4) 20. f5 Bc8 {[#]} (20... Kh8 $11) 21. Qg4 $2 {[%mdl 8192]} (21. Bb3 $1 $16 {Black must now prevent d6+.} Qd6 22. Rc1) 21... Qf7 $2 (21... Qc5+ $19 22. Kh1 Qxc2) 22. Rad1 (22. Rec1 $16) 22... g6 ({Better is} 22... Rd6 $14) 23. Bb3 (23. Qg3 $16) 23... Kh8 $1 24. d6 $36 {[%mdl 2048] White is pushing.} Qg7 25. dxc7 Qxc7 26. Qh4 (26. Qf3 $11) 26... gxf5 27. Rxd8 {[%mdl 64] [#] Overworked Piece, Back Rank} Rxd8 $4 {[%mdl 8192]} (27... Qxd8 $15 28. Rc1 Qb6+ 29. Kf1 Qa7) 28. Qxf6+ {[%mdl 64] Double Attack. White mates.} Qg7 29. Qxd8+ {[%mdl 64] Double Attack} Qg8 30. Qxg8# {Accuracy: White = 42%, Black = 35%.} 1-0

[Event "Stay Safe Play From Home 143"]
[Site "T#645979Emanuel Laske"]
[Date "2020.05.12"]
[Round "3"]
[White "Ionutn28"]
[Black "Don59as"]
[Result "0-1"]
[WhiteElo "1797"]
[BlackElo "2070"]
[Annotator "TA"]
[PlyCount "74"]
[EventDate "2020.05.12"]
[EventType "swiss (blitz)"]

{[%evp 16,74,14,4,18,6,16,0,13,0,0,0,5,-135,40,-140,20,-223,-231,-551,-468,-514,-507,-550,-394,-522,-412,-397,-404,-416,-412,-612,-606,-599,-491,-1315,-1294,-29996,-715,-703,-471,-471,-353,-334,-344,-348,-323,-352,-335,-414,-366,-363,-345,-411,-411,-410,-254,-409,-254,-389,-215]} 1. e4 e5 2. Nf3 Nc6 3. d4 exd4 4. Nxd4 d6 5. Nc3 Nf6 6. Nxc6 bxc6 7. Bg5 Be7 8. Bd3 O-O 9. O-O h6 {C45: Scotch Game.} 10. Bh4 d5 11. exd5 cxd5 {The position is equal.} 12. Re1 c6 13. Qf3 Be6 {[#]} 14. Rad1 $146 {[#]} (14. h3 $11) ({Predecessor:} 14. h3 Re8 15. Rad1 Rb8 16. Rb1 Nd7 17. Bg3 Rb7 18. a3 Nc5 19. Bf1 d4 20. Red1 {½-½ (20) Xie,L-Cai,Y Changsha 2019}) 14... Qd7 $2 (14... g5 $1 $17 {[%cal Rg5h4]} 15. Rxe6 fxe6) 15. b3 $2 {[#]} (15. h3 $14 {stays ahead.}) 15... Rfe8 $2 ({Black should play} 15... g5 $1 $17 {[%cal Rg5h4]} 16. Bg3 Bg4 {[%mdl 64] Skewer}) 16. Ne2 $2 {Loses the game.} (16. h3 $1 $11) 16... Bg4 $19 17. Qg3 $2 (17. Qe3 {is a better chance.} Bb4 {[%mdl 64] Discovered Attack} 18. Qc1) 17... Nh5 18. Qe3 {intending Bxe7.} Bxh4 19. Qc5 Bxe2 20. Rxe2 Rxe2 21. Bxe2 Nf4 22. Bf3 Re8 23. g3 (23. Qd4 $142 Ng6 24. g3) 23... Nh3+ 24. Kg2 Bf6 {White must now prevent ...Ng5.} 25. c4 (25. Qb4 $142 Ng5 26. Bg4) 25... Ng5 {( -> ...Qh3+)} 26. cxd5 Nxf3 (26... Qh3+ $142 27. Kh1 Nxf3 28. Qf8+ Rxf8 29. dxc6 Qxh2#) 27. Kxf3 cxd5 28. Qxd5 Qxd5+ 29. Rxd5 {[%mdl 4096] Endgame KRB-KR} Rc8 30. Rd7 a5 31. Ra7 Rc5 32. a3 Kh7 33. Kg2 Rc3 34. b4 axb4 35. axb4 Rb3 36. Rb7 $2 (36. Rxf7 Rxb4 37. Rd7) 36... Rb2 37. b5 (37. Rxf7 $142 Rxb4 38. Rd7) 37... Bd4 {Accuracy: White = 21%, Black = 42%.} (37... Kg6 $142 38. Rb6 Kf5) 0-1

[Event "Stay Safe Play From Home 143"]
[Site "T#645979Emanuel Laske"]
[Date "2020.05.12"]
[Round "3"]
[White "Tunca"]
[Black "rohit2007"]
[Result "1-0"]
[WhiteElo "1793"]
[BlackElo "2244"]
[Annotator "TA"]
[PlyCount "187"]
[EventDate "2020.05.12"]
[EventType "swiss (blitz)"]

{[%evp 17,187,0,0,-5,0,0,86,-22,-20,-158,-78,-102,-83,-215,-22,-28,41,-83,450,-33,0,-28,230,240,224,231,232,219,247,188,358,354,345,360,324,167,149,88,145,160,146,118,204,197,347,306,337,319,365,200,442,253,485,396,764,590,717,418,470,426,671,670,4134,641,1027,1040,1010,994,659,20,26,0,8,-8,29979,164,164,164,157,-29982,-29983,-29984,-29985,-29985,-29986,-29986,-29987,-29990,-29989,-29990,-29990,-29992,-29993,-29993,-29992,-29994,-29994,-29994,-29995,-29995,29984,29985,29985,29986,29986,29987,29988,29988,29988,29989,29990,29991,29991,29992,29992,29991,29991,29991,29992,29991,29993,29991,29993,0,29992,29992,29993,29991,29993,29991,29991,29992,29992,29992,29992,29992,29993,29992,29992,0,29993,29993,29993,29993,29993,29994,29995,29994,29995,29995,29996,29995,29996,29996,29996,0,29995,29996,29996,29996,29996,29996,29996,29995,29995,0,29996,29996,29997,29997,29997,29996]} 1. e4 c5 2. Nf3 d6 3. d4 cxd4 4. Nxd4 Nf6 5. Nc3 a6 6. Be2 e5 7. Nb3 Be7 8. Be3 O-O 9. Qd2 Be6 10. O-O-O {B92: Sicilian Najdorf: 6 Be2.} b5 {[#]} 11. Nd5 $146 ({Predecessor:} 11. a3 Nbd7 12. g4 Nxg4 13. Bxg4 Bxg4 14. Rde1 Nf6 15. Rhg1 Kh8 16. Rg3 Rc8 17. f3 Be6 {0-1 (53) Kazimov,F (2146)-Raja,H (2446) Sochi 2019}) 11... Nxe4 (11... Bxd5 $11 {remains equal.} 12. exd5 Qc7) 12. Nxe7+ (12. Qd3 $16 Nf6 13. Nxe7+ Qxe7 14. Qxd6 Qxd6 15. Rxd6) 12... Qxe7 $11 13. Qe1 (13. Qb4 $1 $11 Bf5 14. f3) 13... d5 (13... a5 $142 14. Bxb5 Rc8) 14. f3 $17 d4 15. Bg1 (15. Bxd4 $17 exd4 16. fxe4) 15... Nf6 $2 (15... Nc5 $1 $19 {And now ...Nc6 would win.} 16. f4 Nc6 17. fxe5 Rac8 18. Bxd4 Nxd4 19. Nxd4 Bxa2) 16. f4 $1 $11 exf4 (16... Nc6 $11 17. fxe5 Nd7) 17. Nxd4 (17. Bf3 $1 $14 {keeps the upper hand.} Ra7 18. Bxd4) 17... Ne4 $2 {[%mdl 8192]} ({Much weaker is} 17... Bxa2 18. Nf5 $11) (17... Bd5 $1 $17 {and life is bright.} 18. Bf3 Qxe1 19. Rxe1 Bxf3 20. gxf3 Nbd7) 18. Kb1 $2 (18. Bf3 $1 $18) 18... Nd7 19. Bf3 (19. Qf1 {keeps more tension.} Rae8 20. Qxf4 Qb4 21. Ka1 Nc3 22. bxc3 Qxc3+ 23. Kb1) 19... Ndc5 $2 {[%mdl 8192]} (19... Ndf6 $11) 20. Nxe6 $18 {[%mdl 64] Overworked Piece} Qxe6 {[#]} 21. Bxc5 $1 Nxc5 22. Bxa8 Rxa8 23. Qxe6 fxe6 $2 {[%mdl 4096] Endgame KRR-KRN} (23... Nxe6 24. Rd7 g5) 24. Rhe1 Rc8 25. Rd6 Kf7 26. Red1 (26. b4 $142 Na4 27. Rexe6) 26... Kf6 27. Rb6 (27. Kc1 $142) 27... Kf5 (27... g5 $142) 28. Rdd6 $16 e5 29. Rdc6 Rxc6 (29... Rd8 $16 30. b3 Ne4) 30. Rxc6 {KR-KN} Ne4 (30... Ne6 $142 31. Rxa6 h5) 31. Rxa6 $18 Nd2+ 32. Kc1 Nf1 33. Ra7 (33. Rb6 $142) 33... Nxh2 $2 (33... Ne3 {was worth a try.}) 34. Rf7+ (34. Rxg7 $142 {Black must now prevent c4.} Ke6 35. Rxh7) 34... Ke4 $2 (34... Kg6 {is a better defense.} 35. Rb7 e4) 35. Rxg7 Ke3 $2 (35... Kd5 36. Rb7 Kc5) 36. Rxh7 Ng4 37. Rg7 Nf6 38. Rg6 Nd5 (38... Ne4 $142 39. Re6 Kd4) 39. Rd6 Nb4 40. Rb6 (40. a3 $142 Na2+ 41. Kb1) 40... Nxa2+ 41. Kb1 Nb4 42. Rxb5 {[%mdl 64] Double Attack} Nc6 43. c4 $2 (43. Rc5 $18 f3 44. gxf3 (44. Rxc6 fxg2 45. Rg6 Kf2 $16)) 43... e4 $11 44. Rd5 Nd4 45. Rxd4 {KR-KPP} f3 $2 {[%mdl 8192] [#]} (45... Kxd4 $11 46. Kc2 Kxc4) 46. Rd5 $2 (46. Rxe4+ $3 Kxe4 47. gxf3+ Kd4 48. b3 Kc5 49. Kc2 Kd6 50. Kd3 Kc5 51. f4) 46... fxg2 $18 47. Rg5 Kf2 48. Rxg2+ $2 (48. Kc2 $16 g1=Q 49. Rxg1 Kxg1 50. c5) 48... Kxg2 $16 {KPP-KP} 49. c5 e3 50. c6 e2 51. c7 e1=Q+ 52. Ka2 Qe8 53. Kb1 Qc8 54. b3 Qxc7 55. Kb2 {[#]} Qb7 $1 56. b4 Kf3 57. Kc3 Ke4 58. Kc4 Qb5+ $4 {[%mdl 8192]} (58... Qc6+ 59. Kb3 Kd3 60. Kb2 Qc2+ 61. Ka1 Kc3 62. b5 Qb2#) 59. Kxb5 {KP-K. Black is on the road to losing.} Kd5 60. Kb6 Kd6 61. b5 Kd5 62. Ka7 Kc4 63. b6 Kb4 64. b7 Kc4 65. b8=Q Kd3 66. Qb7 Ke3 67. Kb8 Ke2 68. Qa7 Kf1 69. Qa8 Kg1 70. Qa7+ $2 (70. Qa2 Kf1 71. Kc7 Kg1 72. Kd6 Kh1 73. Ke5 Kg1 74. Ke4 Kh1 75. Kf3 Kg1 76. Qg2#) 70... Kg2 $2 {[%mdl 8192]} (70... Kf1 $11 71. Qa2 Ke1 72. Kb7 Kf1 73. Kc6 Ke1 74. Kd5 Kf1 75. Ke4 Kg1 76. Kf3 Kh1 77. Qg2#) 71. Qb7+ Kh3 72. Qc7 Kh4 73. Qd7 Kg5 74. Qe7+ Kf4 75. Kc8 Kf3 76. Kd8 Kg2 77. Qe8 Kf1 78. Qe7 $2 (78. Kd7 Kf2 79. Qe4 Kg3 80. Qe2 Kf4 81. Ke6 Kg5 82. Qe3+ Kg4 83. Kf6 Kh4 84. Kf5 Kh5 85. Qh3#) 78... Kg1 $2 {[%mdl 8192]} (78... Kg2 $11 79. Qe2+ Kh1 80. Ke7 Kg1 81. Ke6 Kh1 82. Kf5 Kg1 83. Kf4 Kh1 84. Kg3 Kg1 85. Qg2#) 79. Kd7 Kf2 80. Qe6 Kg2 81. Kd6 Kf1 82. Qe5 Kg1 83. Kd5 Kg2 84. Qe4+ Kh3 85. Kd4 Kg3 86. Kd5 $2 (86. Ke3 {mates} Kh2 87. Kf3 Kh1 88. Qg6 Kh2 89. Qg2#) 86... Kf2 $2 {[%mdl 8192]} (86... Kh3 $11 87. Qg6 Kh2 88. Ke4 Kh1 89. Kf3 Kh2 90. Qg2#) 87. Ke5 Kg1 88. Kf5 Kh2 89. Qf4+ Kg1 90. Kf6 Kg2 91. Kf5 Kg1 $1 92. Qg4+ {White mates.} Kh1 93. Kg5 Kh2 94. Qh5+ {Accuracy: White = 42%, Black = 30%.} 1-0

[Event "Stay Safe Play From Home 143"]
[Site "T#645979Emanuel Laske"]
[Date "2020.05.12"]
[Round "3"]
[White "Kuewba"]
[Black "Lucknow"]
[Result "1-0"]
[WhiteElo "1631"]
[BlackElo "1804"]
[Annotator "NA RC"]
[PlyCount "103"]
[EventDate "2020.05.12"]
[EventType "swiss (blitz)"]

1. d4 {[%emt 0:00:05]} c5 {[%emt 0:00:01]} 2. Nf3 {[%emt 0:00:01]} d6 {[%emt 0:00:01]} 3. dxc5 {[%emt 0:00:01]} Qa5+ {[%emt 0:00:01]} 4. Bd2 {[%emt 0:00:02]} Qxc5 {[%emt 0:00:00]} 5. Nc3 {[%emt 0:00:02]} Qc7 {[%emt 0:00:01]} 6. e4 {[%emt 0:00:03]} e6 {[%emt 0:00:01]} 7. Be2 {[%emt 0:00:01]} Nf6 {[%emt 0:00:01]} 8. O-O {[%emt 0:00:00]} Be7 {[%emt 0:00:01]} 9. h3 {[%emt 0:00:01]} O-O {[%emt 0:00:01]} 10. b3 {[%emt 0:00:01]} a6 {[%emt 0:00:01]} 11. Na4 {[%emt 0:00:00]} b5 {[%emt 0:00:02]} 12. Nb2 {[%emt 0:00:01]} Bb7 {[%emt 0:00:01]} 13. c4 {[%emt 0:00:00]} bxc4 {[%emt 0:00:02]} 14. Nxc4 {[%emt 0:00:01]} Nbd7 {[%emt 0:00:01]} 15. e5 {[%emt 0:00:02]} dxe5 {[%emt 0:00:02]} 16. Bg5 {[%emt 0:00:03]} e4 {[%emt 0:00:04]} 17. Bxf6 {[%emt 0:00:02]} Bxf6 {[%emt 0:00:01]} 18. Nfd2 {[%emt 0:00:02]} Bxa1 {[%emt 0:00:02]} 19. Qxa1 {[%emt 0:00:02]} Nb6 {[%emt 0:00:01]} 20. Nxb6 {[%emt 0:00:01]} Qxb6 {[%emt 0:00:01]} 21. Nc4 {[%emt 0:00:00]} Qc7 {[%emt 0:00:01]} 22. Qb1 {[%emt 0:00:01]} Qc6 {[%emt 0:00:01]} 23. Rc1 {[%emt 0:00:02]} Rfc8 {[%emt 0:00:02]} 24. Ne3 {[%emt 0:00:00]} Qxc1+ {[%emt 0:00:02]} 25. Qxc1 {[%emt 0:00:01]} Rxc1+ {[%emt 0:00:01]} 26. Kh2 {[%emt 0:00:00]} Rcc8 {[%emt 0:00:01]} 27. Kg3 {[%emt 0:00:00]} Rab8 {[%emt 0:00:00]} 28. Nc4 {[%emt 0:00:01]} f5 {[%emt 0:00:00]} 29. Nd6 {[%emt 0:00:01]} Bd5 {[%emt 0:00:00]} 30. Nxc8 {[%emt 0:00:01]} Rxc8 {[%emt 0:00:00]} 31. Bxa6 {[%emt 0:00:01]} Kf7 {[%emt 0:00:01]} 32. b4 {[%emt 0:00:01]} Kf6 {[%emt 0:00:00]} 33. b5 {[%emt 0:00:01]} Rc7 {[%emt 0:00:01]} 34. b6 {[%emt 0:00:01]} Rc1 {[%emt 0:00:02]} 35. a4 {[%emt 0:00:00]} Rb1 {[%emt 0:00:00]} 36. a5 {[%emt 0:00:01]} Bc6 {[%emt 0:00:01]} 37. Bc8 {[%emt 0:00:01]} Bd5 {[%emt 0:00:02]} 38. Kf4 {[%emt 0:00:01]} Ra1 {[%emt 0:00:01]} 39. a6 {[%emt 0:00:02]} Rxa6 {[%emt 0:00:02]} 40. Bxa6 {[%emt 0:00:02]} e5+ {[%emt 0:00:00]} 41. Ke3 {[%emt 0:00:01]} g5 {[%emt 0:00:01]} 42. Ke2 {[%emt 0:00:01]} Bb7 {[%emt 0:00:00]} 43. Bxb7 {[%emt 0:00:01]} f4 {[%emt 0:00:01]} 44. Bc6 {[%emt 0:00:00]} f3+ {[%emt 0:00:00]} 45. gxf3 {[%emt 0:00:01]} exf3+ {[%emt 0:00:01]} 46. Kxf3 {[%emt 0:00:00]} e4+ {[%emt 0:00:01]} 47. Kxe4 {[%emt 0:00:01]} Ke7 {[%emt 0:00:01]} 48. b7 {[%emt 0:00:00]} Kd6 {[%emt 0:00:01]} 49. b8=Q+ {[%emt 0:00:00]} Kxc6 {[%emt 0:00:00]} 50. Qh8 {[%emt 0:00:01]} Kd6 {[%emt 0:00:00]} 51. Qxh7 {[%emt 0:00:00]} Kc5 {[%emt 0:00:01]} 52. Qh6 {[%emt 0:00:00] Lucknow gibt auf (Lag: Av=0.41s, max=1.1s)} 1-0

[Event "Stay Safe Play From Home 143"]
[Site "T#645979Emanuel Laske"]
[Date "2020.05.12"]
[Round "3"]
[White "Trotsky"]
[Black "Haxhi Baha"]
[Result "0-1"]
[WhiteElo "1619"]
[BlackElo "2003"]
[Annotator "TA"]
[PlyCount "60"]
[EventDate "2020.05.12"]
[EventType "swiss (blitz)"]

{[%evp 12,60,24,16,53,53,37,-84,-69,-208,-174,-184,-171,-152,-106,-187,-150,-133,-128,-143,-135,-161,-91,-172,-162,-170,-154,-233,-243,-352,-378,-418,-384,-360,-374,-387,-377,-429,-434,-522,-510,-643,-643,-641,-642,-637,-631,-606,-613,-602,-577]} 1. d4 d5 2. e3 e6 3. c4 c5 4. Nc3 cxd4 5. exd4 Nc6 6. Nf3 Nf6 7. a3 a6 {D40: Queen's Gambit Declined: Semi-Tarrasch with 5 e3.} 8. c5 b6 {[%cal Bb7b6,Bb6c5,Bc5c4][%mdl 32] [#]} 9. Bd3 $146 (9. b4 $14 {keeps the upper hand.}) ({Predecessor:} 9. b4 a5 10. Bb5 Bd7 11. Bxc6 Bxc6 12. b5 Bb7 13. c6 Bc8 14. Bf4 Bd6 15. Bxd6 Qxd6 {0-1 (60) Ehab,M (2006)-Jiang,K (1463) Regina 2019}) 9... bxc5 $17 {Black is better.} 10. Qc2 (10. dxc5 $15 Bxc5 11. Bf4) 10... c4 ({Much less strong is} 10... Nxd4 11. Nxd4 cxd4 12. Qa4+ Bd7 13. Qxd4) 11. Be2 Qb6 12. Be3 Rb8 {[#]} 13. Na4 (13. Bxc4 $1 $17 {[%mdl 512]} dxc4 14. d5) 13... Qb3 14. Qxb3 Rxb3 15. O-O Bd7 16. Rab1 Na5 (16... Rb7 $19 {And now ...Nxd4! would win.} 17. Nc3 Be7) 17. Nc3 (17. Nc5 $17 {was worth a try.}) 17... Bd6 $19 18. Ne5 Ke7 19. Bg5 (19. Bd1 $17 {was necessary.} Rb7 20. f4) 19... Rhb8 20. f4 (20. Rbe1 $142) 20... Rxb2 21. f5 h6 22. Bxf6+ gxf6 23. Nxd7 Kxd7 24. fxe6+ fxe6 {Black is clearly winning.} 25. Bg4 {Rxb2 would now be nice for White.} f5 26. Bh3 Rxb1 27. Rxb1 Rxb1+ 28. Nxb1 Nb3 29. Kf2 Nxd4 30. g3 Nc2 {Accuracy: White = 32%, Black = 71%.} 0-1

[Event "Stay Safe Play From Home 143"]
[Site "T#645979Emanuel Laske"]
[Date "2020.05.12"]
[Round "3"]
[White "Tobo Rubirosa"]
[Black "Gmbasti"]
[Result "0-1"]
[WhiteElo "1397"]
[BlackElo "1614"]
[Annotator "NA RC"]
[PlyCount "36"]
[EventDate "2020.05.12"]
[EventType "swiss (blitz)"]

1. e4 {[%emt 0:00:02]} c5 {[%emt 0:00:01]} 2. Nf3 {[%emt 0:00:01]} Nc6 {[%emt 0:00:00]} 3. d4 {[%emt 0:00:01]} cxd4 {[%emt 0:00:01]} 4. c3 {[%emt 0:00:01]} dxc3 {[%emt 0:00:02]} 5. Nxc3 {[%emt 0:00:01]} e5 {[%emt 0:00:01]} 6. Bc4 {[%emt 0:00:02]} Bb4 {[%emt 0:00:00]} 7. O-O {[%emt 0:00:02]} Nf6 {[%emt 0:00:01]} 8. Nd5 {[%emt 0:00:03]} Nxd5 {[%emt 0:00:01]} 9. exd5 {[%emt 0:00:01]} Nd4 {[%emt 0:00:00]} 10. Nxd4 {[%emt 0:00:03]} exd4 {[%emt 0:00:01]} 11. Qxd4 {[%emt 0:00:00]} O-O {[%emt 0:00:02]} 12. Bd2 {[%emt 0:00:01]} b6 {[%emt 0:00:03]} 13. Bxb4 {[%emt 0:00:03]} Re8 {[%emt 0:00:01]} 14. Rfe1 {[%emt 0:00:02]} Bb7 {[%emt 0:00:04]} 15. Rxe8+ {[%emt 0:00:00]} Qxe8 {[%emt 0:00:01]} 16. Re1 {[%emt 0:00:02]} Qd8 {[%emt 0:00:01]} 17. d6 {[%emt 0:00:02]} Qg5 {[%emt 0:00:01]} 18. h3 {[%emt 0:00:03]} Qxg2# {[%emt 0:00:03] (Lag: Av=0.64s, max=1.1s)} 0-1

[Event "Stay Safe Play From Home 143"]
[Site "T#645979Emanuel Laske"]
[Date "2020.05.12"]
[Round "3"]
[White "Mandy"]
[Black "Tavares"]
[Result "0-1"]
[WhiteElo "924"]
[BlackElo "1877"]
[Annotator "NA RC"]
[PlyCount "34"]
[EventDate "2020.05.12"]
[EventType "swiss (blitz)"]

1. d4 {[%emt 0:00:02]} d5 {[%emt 0:00:11]} 2. Bf4 {[%emt 0:00:01]} Nf6 {[%emt 0:00:02]} 3. e3 {[%emt 0:00:02]} e6 {[%emt 0:00:01]} 4. Nf3 {[%emt 0:00:00]} Bd6 {[%emt 0:00:00]} 5. Bg3 {[%emt 0:00:03]} Nc6 {[%emt 0:00:02]} 6. Bd3 {[%emt 0:00:01]} Ne7 {[%emt 0:00:02]} 7. c3 {[%emt 0:00:01]} Nf5 {[%emt 0:00:01]} 8. Nbd2 {[%emt 0:00:04]} b6 {[%emt 0:00:02]} 9. O-O {[%emt 0:00:02]} Bb7 {[%emt 0:00:01]} 10. Qe2 {[%emt 0:00:02]} Ne4 {[%emt 0:00:01]} 11. Nxe4 {[%emt 0:00:07]} dxe4 {[%emt 0:00:00]} 12. Bxe4 {[%emt 0:00:04]} Bxe4 {[%emt 0:00:02]} 13. Bxd6 {[%emt 0:00:03]} cxd6 {[%emt 0:00:00]} 14. h3 {[%emt 0:00:19]} O-O {[%emt 0:00:01]} 15. Rad1 {[%emt 0:00:01]} d5 {[%emt 0:00:03]} 16. b4 {[%emt 0:00:05]} Rc8 {[%emt 0:00:03]} 17. Rc1 {[%emt 0:00:04]} Nh4 {[%emt 0:00:05] Zeit (Lag: Av=0.58s, max=0.7s)} 0-1